Consentir à la contrainte ou contraindre à consentir (notice n° 1644363)

détails MARC
000 -LEADER
fixed length control field 01219cam a2200217 4500500
005 - DATE AND TIME OF LATEST TRANSACTION
control field 20260208001118.0
041 ## - LANGUAGE CODE
Language code of text/sound track or separate title fre
042 ## - AUTHENTICATION CODE
Authentication code dc
100 10 - MAIN ENTRY--PERSONAL NAME
Personal name Marques, Ana
Relator term author
245 00 - TITLE STATEMENT
Title Consentir à la contrainte ou contraindre à consentir
260 ## - PUBLICATION, DISTRIBUTION, ETC.
Date of publication, distribution, etc. 2017.<br/>
500 ## - GENERAL NOTE
General note 70
520 ## - SUMMARY, ETC.
Summary, etc. La pratique psychiatrique se confronte souvent à la question de la liberté. La liberté du malade est un principe mais le rôle du soignant sera toujours d’être le garant que le choix de celui-ci, de se soigner ou non, n’est pas conditionné par une pathologie qui l’aliène. Question éthique sur laquelle butte toujours la psychiatrie. A.Marques, à travers sa pratique clinique, nous propose ici quelques réflexions sur ce thème toujours d’actualité qui nous renvoient à ce « bricolage militant » cher à Daumézon.
690 ## - LOCAL SUBJECT ADDED ENTRY--TOPICAL TERM (OCLC, RLIN)
Topical term or geographic name as entry element Alliance thérapeutique
690 ## - LOCAL SUBJECT ADDED ENTRY--TOPICAL TERM (OCLC, RLIN)
Topical term or geographic name as entry element consentement aux soins
690 ## - LOCAL SUBJECT ADDED ENTRY--TOPICAL TERM (OCLC, RLIN)
Topical term or geographic name as entry element discernement
690 ## - LOCAL SUBJECT ADDED ENTRY--TOPICAL TERM (OCLC, RLIN)
Topical term or geographic name as entry element pratique du soin
690 ## - LOCAL SUBJECT ADDED ENTRY--TOPICAL TERM (OCLC, RLIN)
Topical term or geographic name as entry element projet de vie
786 0# - DATA SOURCE ENTRY
Note Pratiques en santé mentale | 63e aée | 1 | 2017-05-12 | p. 15-17 | 1286-1286
856 41 - ELECTRONIC LOCATION AND ACCESS
Uniform Resource Identifier <a href="https://shs.cairn.info/revue-pratique-en-sante-mentale-2017-1-page-15?lang=fr&redirect-ssocas=7080">https://shs.cairn.info/revue-pratique-en-sante-mentale-2017-1-page-15?lang=fr&redirect-ssocas=7080</a>

Pas d'exemplaire disponible.

PLUDOC

PLUDOC est la plateforme unique et centralisée de gestion des bibliothèques physiques et numériques de Guinée administré par le CEDUST. Elle est la plus grande base de données de ressources documentaires pour les Étudiants, Enseignants chercheurs et Chercheurs de Guinée.

Adresse

627 919 101/664 919 101

25 boulevard du commerce
Kaloum, Conakry, Guinée

Réseaux sociaux

Powered by Netsen Group @ 2025